Normal view
MARC view
Entry Topical Term
001 - CONTROL NUMBER
- control field: 26321
003 - CONTROL NUMBER IDENTIFIER
- control field:
005 - DATE AND TIME OF LATEST TRANSACTION
- control field: 20260303093147.0
008 - FIXED-LENGTH DATA ELEMENTS
- fixed length control field: 260303|| aca||aabn | a|a d
040 ## - CATALOGING SOURCE
- Original cataloging agency:
- Transcribing agency:
150 ## - HEADING--TOPICAL TERM
- Topical term or geographic name as entry element: Classification
- General subdivision: Books
- General subdivision: Bibliography
670 ## - SOURCE DATA FOUND
- Source citation: Work cat.: ()13493: Library of Congress classification. Class Z. Bibliography and library science :, 1989.